01684cam a2200253 a 450000100090000000300060000900500170001500800410003201000170007302000150009002000180010504000180012305000230014108200170016410000260018124501230020725000160033026000590034630000290040550400530043450508430048765000220133085600780135214078690GBCCL20241126110705.0050818s2005 miua b 001 0 eng  a 2005024117 a0825427703 a9780825444777 aDLCcDLCdDLC00aBV2063b.H438 200500a266222bHES1 aHesselgrave, David J.10aParadigms in conflict :b10 key questions in Christian missions today /cDavid J. Hesselgrave. edited by Keith E Eitel a2nd edition aGrand Rapids, MI :bKregel Publications,c2018, c2005. a378 p. :bill. ;c22 cm. aIncludes bibliographical references and indexes.0 aSovereignty and free will : an impossible mix or a perfect match? -- Restrictivism and inclusivism : is this mission trip really necessary? -- Common ground and enemy territory : how should we approach adherents of other faiths? -- Holism and prioritism : for whom is the gospel good news? -- Incarnationalism and representationalism : who is our missionary model, Jesus or Paul? -- Power encounter and truth encounter : what is essential in spiritual warfare? -- Amateurization and professionalization : a call for missionaries or a divine calling? -- Form and meaning : how does the inspiration of scripture "in-form" contextualization and make it "meaning-full"? -- Countdowns and prophetic alerts : if we go in force, will He come in haste? -- The Kingdom of God and the church of Christ : what on earth is God building, here and now? 0aMissionsxTheory.413Table of contentsuhttp://www.loc.gov/catdir/toc/ecip0518/2005024117.html